000 00968cam a22002897a 4500
003 CHAP
005 20220817043713.0
008 000907d us a r 00110 eng d
010 _a82184
011 _a83156
035 _a93666
040 _cCHAP
090 _aFolleto 15995
245 1 0 _aPigeonpea :
_bimproved varietes can enrich eastern and Southern Africa
_c/ed. by Special Program for African Agricultural Research
260 _aWashington, D.C. :
_bSpecial Program for African Agriculture Research,
_c1999.
300 _a9 p. :
_bilus.
490 0 _aSPAAR. Technical Bulletin
_v;1
590 _aBATCH-UPD
_b10
_c20130110
_lUCH01
_h0713
590 _aCONVERSION
_b10
_c20130109
_lUCH01
_h1346
650 1 4 _aCajanus indicus.
650 1 4 _aLeguminosas
_xMejoramiento.
_965838
830 0 0 _aSPAAR. Technical Bulletin
_v;1
_9109109
901 _aBK
905 _aMayto Villalobos S.
942 _cFOLL
949 _aFolleto 15995
_bBC
_cFOLL
_d936661
_eTS1
_i93666
_st
999 _c82184
_d82184